00756nam a22002057a 450000500170000008200240001710000170004124501150005826000870017330000140026050200090027465000270028365000300031065000190034065000120035970000270037194200120039899900190041095201210042920260417121635.0 a630.71bSHI/BE Ph.D aShilpa Karat aBehavioral attributes of natural hazard management among banana growers in Kerala a multi dimensional analysis aVellanikkarab Department of Agricultural Extension, College of Agriculture c2026 a241,xxvp. aPh.D aAgricultural Extension aNatural hazard management aBanana growers a Kerala aBinoo, P Bonny (Guide) 2ddccTH c374566d374566 001040718THaKAUCLVbKAUCLVcTECHd2026-04-16l0o630.71 SHI/BE Ph.Dp176856r2026-04-17 12:17:00w2026-04-17yTH